Cross-Border Sales of E-Shops, Impact on Buyers and Sellers

Cieľom článku bolo poskytnúť jasný popis mechanizmu fungovania e-shopu registrovaného pre DPH v špeciálnom režime OSS. Špeciálny režim leží v kontexte pravidiel upravujúcich cezhraničný predaj tovaru. V tomto kontexte je vybraná spoločnosť charakterizovaná najmä z hľadiska hospodárskych výsledkov, k...

Descripción completa

Guardado en:
Detalles Bibliográficos
Autor principal: Vavrová, Katarína, 1960-
Otros Autores: Nachtmannová, Oľga, 1963-
Formato: Capítulo de libro
Lenguaje:inglés
Materias:
Etiquetas: Agregar Etiqueta
Sin Etiquetas, Sea el primero en etiquetar este registro!

MARC

LEADER 00000naa$a2200000$$$4500
001 0311313
005 20250626093108.8
041 0 |a eng 
044 |a SK 
245 1 0 |a Cross-Border Sales of E-Shops, Impact on Buyers and Sellers  |c Katarína Vavrová, Oľga Nachtmannová 
520 |a Cieľom článku bolo poskytnúť jasný popis mechanizmu fungovania e-shopu registrovaného pre DPH v špeciálnom režime OSS. Špeciálny režim leží v kontexte pravidiel upravujúcich cezhraničný predaj tovaru. V tomto kontexte je vybraná spoločnosť charakterizovaná najmä z hľadiska hospodárskych výsledkov, ktoré ovplyvňujú aj platenie dane z pridanej hodnoty. Následne uvádzame podrobný popis mechanizmu fungovania e-shopu. Tento článok sa zaoberá národnými predpismi o dodávkach a režimom One Stop Shop. Okrem toho skúmame vplyv nových pravidiel DPH na dodávateľov a spotrebiteľov. 
610 2 0 |a predaj 
610 2 0 |a spotrebitelia 
610 2 0 |a obchod elektronický 
610 2 0 |a výkonnosť podniku 
610 2 0 |a regulátory hospodárske 
100 1 |a Vavrová, Katarína, 1960- 
700 1 |a Nachtmannová, Oľga, 1963-